000 01392cad a22002295a 4500
001 L139930
008 070821s2007 xxk f 000 0 eng d
035 _a(Sirsi) u139930
041 0 _aeng
050 0 4 _a336.2 $2 18
110 2 _aPriceWaterhouseCoopers
_93793
245 0 4 _aThe UK pocket tax book 2007-08
_h[electronic resource]
260 _aLondon
_bPricewaterhouseCoopers
_c2007
505 2 _aIncome tax -- Approved and tax favoured employee share plans -- Tax efficient investments -- National insurance contributions -- Tax credits and benefits -- Corporation tax -- Capital allowances -- Capital gains tax -- Inheritance tax -- Stamp duty/stamp duty reserve tax -- Stamp duty land tax -- Value added tax -- Customs duty -- Other indirect taxes -- National non-domestic rates -- Filing and payment
520 _aProvides a summary of personal and corporate UK taxation rates and includes related information based on taxation law, legislative proposals and current practice up to and including measures in the Finance Bill 2007. Information applies throughout the tax years 2006-07 and 2007-08.
590 _aKA
650 2 4 _aFINANCE BILL 2007
651 4 _aUnited Kingdom
_y
690 _aPROPERTY-PROPERTY TAXATION
856 4 0 _uhttps://pwcinform.pwc.com/inform2/show?action=informContent&id=1158071802155160
_zView the tax book free of charge at www.pwc.com
942 _n0
999 _c107375
_d107375